Temný bylinkář. I., Herní tester /
První díl fantasy série původem čečenského autora z budoucnosti, kde se virtuální realita stala součástí života. Mladý muž získá pozici herního testera a má za úkol dokázat, že i nepopulární postavy jako goblin bylinkář mají šanci na úspěch.
Uloženo v:
| Série: | Temný bylinkář,
část 1 |
|---|---|
| Hlavní autor: | |
| Další autoři: | |
| Médium: | E-kniha |
| Jazyk: | Czech |
| Vydáno: |
Ostrava :
Fantom Print,
2020
|
| Vydání: | 1. vydání |
| Témata: | |
| Příbuzné jednotky: | Z cyklu::
Temný bylinkář |
| Tagy: |
Žádné tagy |
| LEADER | 02947nam a2200457 i 4500 | ||
|---|---|---|---|
| 001 | 311201 | ||
| 003 | CZ PrSKC | ||
| 005 | 20260601215701.0 | ||
| 007 | ta | ||
| 008 | 200629s2020 xr g 000 f cze | ||
| 015 | |a cnb003233123 | ||
| 020 | |a 9788075940674 |q (brožováno) | ||
| 035 | |a (OCoLC)1200257574 | ||
| 040 | |a ABG001 |b cze |e rda | ||
| 041 | 1 | |a cze |h eng | |
| 072 | 7 | |a 821.161.1 |x Ruská literatura, rusky psaná |2 Konspekt | |
| 080 | |a 821.161.1-31 |2 MRF | ||
| 080 | |a (0:82-312.9) |2 MRF | ||
| 100 | 1 | |a Atamanov, Michail, |d 1975- |7 mzk2018989857 |4 aut | |
| 240 | 1 | 0 | |a Video game plotline tester. |l Česky |
| 245 | 1 | 0 | |a Temný bylinkář. |n I., |p Herní tester / |c Michael Atamanov ; překlad Martin Kapalka |
| 246 | 3 | 0 | |a Herní tester |
| 250 | |a 1. vydání | ||
| 264 | 1 | |a Ostrava : |b Fantom Print, |c 2020 | |
| 300 | |a 335 stran ; |c 21 cm | ||
| 336 | |a text |b txt |2 rdacontent | ||
| 337 | |a bez média |b n |2 rdamedia | ||
| 338 | |a svazek |b nc |2 rdacarrier | ||
| 500 | |a Přeloženo z angličtiny | ||
| 520 | 2 | |a První díl fantasy série původem čečenského autora z budoucnosti, kde se virtuální realita stala součástí života. Mladý muž získá pozici herního testera a má za úkol dokázat, že i nepopulární postavy jako goblin bylinkář mají šanci na úspěch. |b Blízká budoucnost. Timothy je nezaměstnaný, má problémy s placením nájmu a stará se o svou mladší sestru Valerii, která je na vozíku. Když dostane příležitost pracovat jako herní tester pro novou hru Svět bez hranic, nezbude mu nic jiného, než přijmout nevýhodné podmínky a dodržovat všechna stanovená pravidla, aby mu byla nabídnuta dlouhodobá spolupráce. Cílem herní společnosti je nejen vyladit nedokonalosti hry, ale také zpopularizovat postavy, o které hráči nemají zájem, protože v porovnání s elfími lučištníky nebo lidskými paladiny nemají vysokou šanci na úspěch. Timothy se vydává na dobrodružnou cestu virtuální realitou a se sestřinou pomocí se snaží přežít a dokázat veřejnosti, že i oškliví a nepříliš inteligentní goblini, kteří obchodují s bylinkami, mohou být rovnocennými postavami a zaslouží si, aby dostali příležitost. | |
| 655 | 7 | |a ruské romány |7 fd133320 |2 czenas | |
| 655 | 7 | |a fantasy romány |7 fd184199 |2 czenas | |
| 655 | 9 | |a Russian fiction |2 eczenas | |
| 655 | 9 | |a fantasy novels |2 eczenas | |
| 700 | 1 | |a Kapalka, Martin, |d 1988- |7 kv2017964132 |4 trl | |
| 787 | 0 | 8 | |i Z cyklu: |t Temný bylinkář |g 1 |
| 900 | |a ABA001 |b 21 | ||
| 044 | |a xr | ||
| 910 | |a RBIT002 | ||
| 998 | |d 207013 |a https://core.palmknihy.cz/api/books/207013/cover?qblytr |b https://core.palmknihy.cz/api/books/207013/cover/400?qblytr |c https://core.palmknihy.cz/api/books/207013/cover/50?qblytr |e 2028-04-04 |g 336 |i 9788075940674 |j https://core.palmknihy.cz/api/books/207013/preview.epub |l |q 49 |r 1 |s https://www.palmknihy.cz/kniha/207013 |t ebook |y 2020 |z 0 |v Temný bylinkář |w 1 | ||
| 999 | |d 311199 | ||